Cien años de marxismo y clase obrera

Salvato in:
Dettagli Bibliografici
Autore principale: Collinet, Michel (Autore)
Natura: Libro
Lingua:spagnolo
Pubblicazione: Buenos Aires Jorge Alvarez 1965
Soggetti:
Tags: Aggiungi Tag
Nessun Tag, puoi essere il primo ad aggiungerne!!

MARC

LEADER 00000nam a2200000 a 4500
001 UCI5363
003 CL-VaPUC
008 080320e19650000AG |||||||||||||||||spa|d
082 0 4 |a 320.5315  |b COL  |2 21 
100 0 |a Collinet, Michel  |e author  |9 527684 
245 1 0 |a Cien años de marxismo y clase obrera 
300 |a 76 p 
942 |c BK 
945 |d 20080320 00:00:00  |a jtorresc 
260 |a Buenos Aires  |b Jorge Alvarez  |c 1965 
650 0 |a Socialismo  |9 255260 
650 7 |a SOCIALISMO DEMOCRATICO  |2 CL-VaPUC  |9 527685 
650 0 |a Clase obrera  |9 317035 
650 0 |a Movimiento obrero   |9 322899 
650 0 |a Historia política  |9 256974 
583 |a last modification  |c 20180417 04:32:44  |k Rodrigo Vera 
999 |c 329115  |d 329113 
952 |0 0  |1 0  |4 0  |6 320_531500000000000_COL_1965  |7 0  |8 A  |9 413444  |a BIBHIS  |b BIBHIS  |d 2019-11-22  |i 4416902  |o 320.5315 COL 1965  |p 4416902  |r 2025-01-20  |w 2019-11-22  |y BK  |k HIS